000 01341nam a22002297a 4500
005 20251215202540.0
008 251215b || fr|||| 00| 0 eng d
020 _a9978-334-04-1
040 _aCENDOC CAAAP
_bspa
_cCAAAP
041 _aspa
050 _aKHC 556
_b.M45
100 1 _95720
_aMelo, Mario
245 1 _aConsulta Previa :
_bAmbiente y Petróleo en la Amazonía Ecuatoriana /
_cMario Melo
250 _a1ra edición
260 1 _aQuito, Ecuador :
_bCentro de Derechos Económicos y Sociales (CDES),
_c2006.
300 _a98 páginas ;
_c21 x 15 cm
490 _aAmazonía Contemporánea ;
_v3
520 _bEl libro analiza críticamente la aplicación del derecho a la consulta previa en la Amazonía ecuatoriana frente a actividades petroleras. Mario Melo sostiene que, pese a su reconocimiento constitucional y a los compromisos internacionales, la consulta previa se aplica de forma deficiente o inexistente. La investigación identifica la falta de normativa específica, el incumplimiento estatal y la primacía de intereses económicos como factores que debilitan la protección de los pueblos indígenas y del ambiente.
650 0 _94
_aPueblos Indígenas
_vConsulta previa
_xDerechos económicos y sociales
650 0 _93270
_aDerecho ambiental
_vIndustria petrolera
_xDerechos sociales
942 _2lcc
_bDD - MM - AA
_cBK
999 _c4265
_d4265